[Event "Maastricht Limburg op-B 5th"]
[Site "Maastricht"]
[Date "2011.06.13"]
[Round "7"]
[White "Jansen, Michiel"]
[Black "Scheeren, Fred"]
[Result "0-1"]
[WhiteElo "1849"]
[BlackElo "1703"]
[PlyCount "64"]
[EventDate "2011.06.10"]
[EventType "swiss"]
[EventRounds "7"]
[EventCountry "NED"]
[SourceTitle "EXT 2012"]
[Source "ChessBase"]
[SourceDate "2011.11.24"]
[SourceVersion "1"]
[SourceVersionDate "2011.11.24"]
[SourceQuality "1"]

1. e4 c5 2. c3 Nf6 3. e5 Nd5 4. d4 cxd4 5. cxd4 d6 6. Nf3 Nc6 7. Nc3 Nxc3 8. bxc3 d5 9. Bd3 e6 10. 0-0 Be7 11. Qc2 h6 12. Qe2 Bd7 13. Ne1 Qc7 14. f4 g6 15. Nf3 0-0-0 16. Be3 Kb8 17. c4 dxc4 18. Bxc4 Na5 19. Bd3 Bc6 20. Rfc1 Rd7 21. Rab1 Qd8 22. Bd2 Bd5 23. Rb5 Nc6 24. Be3 Nb4 25. Bd2 Nxd3 26. Qxd3 Bxa2 27. Ba5 b6 28. Bb4 Bd5 29. Ra1 Rb7 30. Ba3 Bxa3 31. Qxa3 Bxf3 32. Qxf3 Qxd4+ 0-1

[Event "Maastricht Limburg op-B 5th"]
[Site "Maastricht"]
[Date "2011.06.10"]
[Round "1"]
[White "Maassen van den Brink, Koen"]
[Black "Jansen, Michiel"]
[Result "1/2-1/2"]
[WhiteElo "1982"]
[BlackElo "1849"]
[PlyCount "111"]
[EventDate "2011.06.10"]
[EventType "swiss"]
[EventRounds "7"]
[EventCountry "NED"]
[SourceTitle "EXT 2012"]
[Source "ChessBase"]
[SourceDate "2011.11.24"]
[SourceVersion "1"]
[SourceVersionDate "2011.11.24"]
[SourceQuality "1"]

1. d4 d6 2. g3 Nf6 3. Nf3 c6 4. Bg2 Nbd7 5. 0-0 e5 6. dxe5 dxe5 7. b3 Qc7 8. Bb2 Be7 9. e3 0-0 10. Nbd2 Re8 11. Nc4 Bf8 12. a4 e4 13. Nd4 Ne5 14. Nxe5 Qxe5 15. Rb1 Bg4 16. Qd2 Qh5 17. f4 exf3 18. Bxf3 Rad8 19. Qf2 Bxf3 20. Qxf3 Ng4 21. Rf2 Rxe3 22. Qf5 Qxf5 23. Rxf5 g6 24. Rf3 Bc5 25. Rxe3 Nxe3 26. c3 Bb6 27. Kh1 c5 28. Nf3 Rd1+ 29. Rxd1 Nxd1 30. Ba1 Ba5 31. c4 Bc3 32. Bxc3 Nxc3 33. Kg2 f6 34. Nd2 Kf7 35. Kf3 f5 36. Ke3 Kf6 37. Nf3 Ne4 38. a5 Ng5 39. Ne1 Ke5 40. Nd3+ Kd6 41. Ne1 Nf7 42. Kf4 h6 43. h4 Nd8 44. Nf3 Nc6 45. h5 gxh5 46. Kxf5 Nxa5 47. Nd2 Nc6 48. Ne4+ Ke7 49. Nxc5 Nd4+ 50. Ke4 Ne2 51. Kf3 Nc1 52. b4 b6 53. Na4 Nd3 54. c5 Nxb4 55. cxb6 axb6 56. Nxb6 1/2-1/2